| 000 | 00824cam a2200277 a 4500 | ||
|---|---|---|---|
| 001 | 000003413 | ||
| 003 | DO-SdBNP | ||
| 005 | 20220808133602.0 | ||
| 007 | ta | ||
| 008 | 741126s1957 sp 001 f spa | ||
| 040 |
_aDO-SdBNP _bspa _cBNPHU |
||
| 041 | 1 | 7 |
_aspa _heng |
| 082 | 4 |
_a813.5 _bL743s _222 |
|
| 100 | 1 |
_aLindemann, Kelvin, _d1911- _910639 |
|
| 240 | 1 | 4 |
_aThe red umbrellas. _lEspañol |
| 245 | 1 | 4 |
_aLas sombrillas rojas : _bnovela / _cKelvin Lindemann ; traducción Mary Rowe. |
| 260 |
_aBarcelona : _bPlaneta, _c1957. |
||
| 300 |
_a[239] p. ; _c20 cm. |
||
| 534 |
_pTítulo original: _tThe red umbrellas. |
||
| 590 | _aInventariado, 2022 / DG | ||
| 650 | 4 |
_aNovela estadounidense _9262 |
|
| 650 | 4 |
_aLiteratura estadounidense _9263 |
|
| 700 | 1 |
_aRowe, Mary, _etr. _910640 |
|
| 910 | _aDG | ||
| 942 |
_2ddc _cLBS1 |
||
| 999 |
_c3243 _d3243 |
||